000 00663nam a2200289Ia 4500
005 20260324144716.0
008 008 260324s9999 xx 000 0 eng d
020 _a9780429036101
037 _aEBOOK
040 _aCRL
040 _beng
040 _cCRL
041 _2eng
041 _aeng
084 _qCRL
100 _aYu-ming Shaw
_91218676
245 0 _aMainland China
245 0 _bPolitics, Economics, And Reform
260 _bTaylor and Francis
260 _c1986
365 _a
365 _b230
856 _uhttp://www.taylorfrancis.com/books/9780429036101
942 _cEBOOK
999 _c1827265
_d1827265